Guess the Only Male Pokémon-Sudden Death - Statistics

General Stats
  • This quiz has been taken 42 times
  • The average score is 3 of 9
Answers on the Grid
Answers color-coded by a green-red scale on the quiz's grid according to % correct below.
Nidorino
Hitmonlee
Pidgey
Volbeat
Miltank
Machoke
Lucario
Greninja
Ash-Greninja
Impidimp
Pyroar
Urshifu
Rufflet
Conkeldurr
Braviary
Chansey
Incineroar
Ash Ketchum
Gardevoir
Okidogi
Pikachu
 
Answer Stats
Answer % Correct
Nidorino
93%
Ash-Greninja
43%
Hitmonlee
40%
Volbeat
40%
Ash Ketchum
33%
Okidogi
27%
Rufflet
23%
Braviary
20%
Impidimp
10%
No matching quizzes found
Score Distribution
Percent of People with Each Score
Percentile by Number Answered
Your Score History
You have not taken this quiz